Conversational French in 7 days / (Record no. 2144)

000 -LEADER
fixed length control field 01354nam a22003737a 4500
001 - CONTROL NUMBER
control field 13603683
003 - CONTROL NUMBER IDENTIFIER
control field OSt
005 - DATE AND TIME OF LATEST TRANSACTION
control field 20210414101501.0
008 - FIXED-LENGTH DATA ELEMENTS--GENERAL INFORMATION
fixed length control field 040524s2004 nyuab 000 0 eng
010 ## - LIBRARY OF CONGRESS CONTROL NUMBER
LC control number 2004052747
020 ## - INTERNATIONAL STANDARD BOOK NUMBER
International Standard Book Number 0071432515 (package)
020 ## - INTERNATIONAL STANDARD BOOK NUMBER
International Standard Book Number 0071432507 (book)
040 ## - CATALOGING SOURCE
Original cataloging agency DLC
Transcribing agency DLC
Modifying agency DLC
Language of cataloging eng
041 ## - LANGUAGE CODE
Language code of text/sound track or separate title eng
Language code of sung or spoken text fre
042 ## - AUTHENTICATION CODE
Authentication code pcc
050 00 - LIBRARY OF CONGRESS CALL NUMBER
Classification number PC2121
Item number .B285 2004
080 ## - UNIVERSAL DECIMAL CLASSIFICATION NUMBER
Universal Decimal Classification number 811-3
Item number B-18
082 00 - DEWEY DECIMAL CLASSIFICATION NUMBER
Classification number 448.3/421
Edition number 22
100 1# - MAIN ENTRY--PERSONAL NAME
Personal name Baldwin, Shirley.
245 10 - TITLE STATEMENT
Title Conversational French in 7 days /
Statement of responsibility, etc. Shirley Baldwin and Sarah Boas.
Remainder of title / by: McGraw-Hill
246 30 - VARYING FORM OF TITLE
Title proper/short title Conversational French in seven days
260 ## - PUBLICATION, DISTRIBUTION, ETC.
Place of publication, distribution, etc. New York
Name of publisher, distributor, etc. McGraw-Hill
Date of publication, distribution, etc. 2004.
300 ## - PHYSICAL DESCRIPTION
Extent 92 p.
Other physical details col. ill., col. maps
Dimensions 21 cm.
365 ## - TRADE PRICE
Price amount 7.95 usd
650 #0 - SUBJECT ADDED ENTRY--TOPICAL TERM
Topical term or geographic name entry element French language
Form subdivision Conversation and phrase books
General subdivision English.
650 #0 - SUBJECT ADDED ENTRY--TOPICAL TERM
Topical term or geographic name entry element Dictionary
9 (RLIN) 452
653 ## - INDEX TERM--UNCONTROLLED
Uncontrolled term ლექსიკონი
700 1# - ADDED ENTRY--PERSONAL NAME
Personal name Boas, Sarah.
856 42 - ELECTRONIC LOCATION AND ACCESS
Materials specified Publisher description
Uniform Resource Identifier <a href="http://www.loc.gov/catdir/description/mh051/2004052747.html">http://www.loc.gov/catdir/description/mh051/2004052747.html</a>
856 42 - ELECTRONIC LOCATION AND ACCESS
Materials specified Contributor biographical information
Uniform Resource Identifier <a href="http://www.loc.gov/catdir/enhancements/fy0737/2004052747-b.html">http://www.loc.gov/catdir/enhancements/fy0737/2004052747-b.html</a>
906 ## - LOCAL DATA ELEMENT F, LDF (RLIN)
a 7
b cbc
c orignew
d 1
e ocip
f 20
g y-gencatlg
942 ## - ADDED ENTRY ELEMENTS (KOHA)
Source of classification or shelving scheme
Koha item type Books
Holdings
Withdrawn status Lost status Source of classification or shelving scheme Damaged status Not for loan Permanent location Current location Date acquired Inventory number Total Checkouts Full call number Barcode Date last seen Price effective from Koha item type
          Ken Walker International University Ken Walker International University 03/11/2021 1936   811-3 B-18 1936 03/11/2021 03/11/2021 Books

Powered by Koha